Imię męskie na M - Statystyki

Ogólne statystyki
  • Ten quiz został rozwiązany 110 razy
  • Średni wynik to 5 z 8
Statystyki odpowiedzi
Hint Odpowiedź % Poprawnych
1. Marek
84%
5. Michał
80%
3. Mateusz
79%
2. Marcin
78%
4. Mariusz
72%
8. Marcel
40%
7. Mieczysław
40%
6. Mieszko
11%
Nie znaleziono quizów pasujących do podanych kryteriów
Rozkład punktacji
Procent ludzi z każdym wynikiem
Percentyl według liczby udzielonych odpowiedzi
Twoja historia wyników
Nie rozwiązałeś tego quizu